[Event "MNT-chT"]
[Site "Herceg Novi"]
[Date "2025.05.07"]
[Round "8.16"]
[White "Podlesnik, Bogdan"]
[Black "Musovic, Armin"]
[Result "1/2-1/2"]
[WhiteElo "2287"]
[BlackElo "2262"]
[PlyCount "116"]
[EventDate "2025.05.01"]
[EventType "team-tourn"]
[EventRounds "9"]
[EventCountry "MNE"]
[SourceTitle "CB20_2025"]
[SourceDate "2025.05.14"]
[SourceVersion "1"]
[SourceVersionDate "2025.05.14"]
[SourceQuality "1"]
[WhiteTeam "Dama"]
[BlackTeam "Herceg Novi"]
[WhiteTeamCountry "MNE"]
[BlackTeamCountry "MNE"]

1. e4 c6 2. d4 g6 3. Nc3 Bg7 4. Nf3 d5 5. Bf4 dxe4 6. Nxe4 Nf6 7. Nxf6+ exf6 8. Qd2 0-0 9. Be2 Bg4 10. h3 Bxf3 11. Bxf3 Re8+ 12. Be2 Na6 13. 0-0 Nc5 14. c3 f5 15. f3 Ne6 16. Be3 Qd6 17. Bc4 Rad8 18. Rad1 b5 19. Bb3 f4 20. Bf2 Nc7 21. Bh4 Bf6 22. Bxf6 Qxf6 23. Rfe1 Nd5 24. Rxe8+ Rxe8 25. Bxd5 cxd5 26. Re1 Rxe1+ 27. Qxe1 Kf8 28. Kf2 Qf5 29. Qd1 Qe6 30. Qd2 Qf5 31. Qe2 a6 32. a4 bxa4 33. Qxa6 Qc2+ 34. Qe2 Qc1 35. g3 g5 36. gxf4 Qxf4 37. Qe5 Qxe5 38. dxe5 Ke7 39. f4 gxf4 40. Kf3 Ke6 41. Kxf4 h6 42. h4 h5 43. Kg5 Kxe5 44. Kxh5 Kf5 45. Kh6 Kg4 46. h5 f5 47. Kg6 f4 48. h6 f3 49. h7 f2 50. h8Q f1Q 51. Qh5+ Kg3 52. Qg5+ Kf2 53. Qf4+ Ke2 54. Qxa4 Qb1+ 55. Kf6 Qxb2 56. Qd4 Qb7 57. Ke5 Qc6 58. Qxd5 Qxc3+ 1/2-1/2

[Event "MNT-ch 77th"]
[Site "Podgorica"]
[Date "2025.02.09"]
[Round "11"]
[White "Podlesnik, Bogdan"]
[Black "Ratkovic, Milorad"]
[Result "1-0"]
[WhiteElo "2288"]
[BlackElo "2077"]
[PlyCount "149"]
[EventDate "2025.01.31"]
[EventType "swiss"]
[EventRounds "11"]
[EventCountry "MNE"]
[SourceTitle "CB07_2025"]
[SourceDate "2025.02.12"]
[SourceVersion "1"]
[SourceVersionDate "2025.02.12"]
[SourceQuality "1"]

1. e4 c5 2. Nc3 e6 3. Nf3 a6 4. d4 cxd4 5. Nxd4 d6 6. f4 Be7 7. Qf3 Qb6 8. Nb3 Nc6 9. Be3 Qc7 10. Bd3 Nf6 11. 0-0 Rb8 12. a4 b6 13. h3 0-0 14. Rae1 Nb4 15. Qf2 Nd7 16. f5 Ne5 17. Rd1 Bd7 18. Qg3 Kh8 19. Bg5 f6 20. fxe6 fxg5 21. exd7 Nxd7 22. Nd5 Nxd5 23. exd5 Bf6 24. c3 Ne5 25. Bxa6 Nc4 26. Bxc4 Qxc4 27. Nd2 Qxd5 28. Nf3 Qc5+ 29. Kh1 Rbd8 30. Qg4 Rde8 31. Rd3 h6 32. Rd2 Be5 33. Rdf2 Rf4 34. Qd7 Ref8 35. Qb5 Qc7 36. Qe2 Qc5 37. g3 R4f7 38. Kg2 Qc6 39. Kh2 Qc5 40. Kg2 Qc6 41. Kh2 Bf6 42. Qb5 Qe4 43. Re2 Qg6 44. Qc4 h5 45. Kg2 Re7 46. Rxe7 Bxe7 47. Re1 Bf6 48. Qe4 Qf7 49. g4 d5 50. Qe6 Qb7 51. Qf5 Qa8 52. Qd3 d4 53. cxd4 Bxd4 54. b3 h4 55. Re4 Bf6 56. Qe3 Rd8 57. Kf2 Qb8 58. Ne5 Kh7 59. Kg2 Qc7 60. Nc4 Qc6 61. Qf3 Rf8 62. Qf5+ Kh6 63. Qe6 Qa8 64. Nxb6 Qb8 65. Re3 Qc7 66. Nd7 Qb7+ 67. Kg1 Rd8 68. Nxf6 Rd1+ 69. Kf2 Qh1 70. Ng8+ Kh7 71. Qe4+ Qxe4 72. Rxe4 Kxg8 73. a5 Rd2+ 74. Re2 Rd3 75. Re3 1-0

[Event "MNT-ch 77th"]
[Site "Podgorica"]
[Date "2025.02.06"]
[Round "8"]
[White "Podlesnik, Bogdan"]
[Black "Rovcanin, Zeljko"]
[Result "1-0"]
[WhiteElo "2288"]
[BlackElo "2065"]
[PlyCount "31"]
[EventDate "2025.01.31"]
[EventType "swiss"]
[EventRounds "11"]
[EventCountry "MNE"]
[SourceTitle "CB07_2025"]
[SourceDate "2025.02.12"]
[SourceVersion "1"]
[SourceVersionDate "2025.02.12"]
[SourceQuality "1"]

1. e4 g6 2. d4 Bg7 3. Nc3 d6 4. f4 Nf6 5. Nf3 0-0 6. Be2 c5 7. 0-0 cxd4 8. Nxd4 Nc6 9. Be3 Bd7 10. Nb3 a6 11. a4 Na5 12. e5 Ne8 13. Nxa5 Qxa5 14. Nd5 e6 15. Nb6 Rd8 16. c3 1-0

[Event "EU-chT Seniors 50"]
[Site "Terme Catez"]
[Date "2024.05.12"]
[Round "6.3"]
[White "Podlesnik, Bogdan"]
[Black "Nordenbaek, Jan"]
[Result "1/2-1/2"]
[WhiteElo "2281"]
[BlackElo "2126"]
[PlyCount "71"]
[EventDate "2024.05.07"]
[EventType "team-swiss"]
[EventRounds "9"]
[EventCountry "SLO"]
[SourceTitle "CBM 220 Extra"]
[Source "ChessBase"]
[SourceDate "2024.07.31"]
[SourceVersion "1"]
[SourceVersionDate "2024.07.31"]
[SourceQuality "1"]
[WhiteTeam "Montenegro 50"]
[BlackTeam "Denmark"]
[WhiteTeamCountry "MNE"]
[BlackTeamCountry "DEN"]

1. e4 e5 2. Nf3 Nc6 3. Nc3 Nf6 4. Bb5 Nd4 5. Nxd4 exd4 6. e5 dxc3 7. exf6 Qxf6 8. dxc3 Qe5+ 9. Be2 Bc5 10. 0-0 0-0 11. Bd3 d5 12. Re1 Qf6 13. Be3 Bxe3 14. Rxe3 c6 15. Qd2 Bd7 16. Rae1 g6 17. Re7 Rad8 18. f4 Kg7 19. Qf2 Rfe8 20. Qd4 Qxd4+ 21. cxd4 Rxe7 22. Rxe7 Kf8 23. Re5 Re8 24. Kf2 f6 25. Rxe8+ Kxe8 26. Kf3 f5 27. h3 Ke7 28. Ke3 Kf6 29. b3 Be6 30. Be2 Bf7 31. Bf3 Be6 32. Kd3 Ke7 33. c4 Kd6 34. Kc3 b6 35. a3 Bf7 36. g3 1/2-1/2

[Event "MNE-ch 76th"]
[Site "Podgorica"]
[Date "2024.02.11"]
[Round "6"]
[White "Vujovic, Savo"]
[Black "Podlesnik, Bogdan"]
[Result "1/2-1/2"]
[WhiteElo "2137"]
[BlackElo "2284"]
[PlyCount "54"]
[EventDate "2024.02.06"]
[EventType "swiss"]
[EventRounds "11"]
[EventCountry "MNE"]
[SourceTitle "CBM 218 Extra"]
[Source "ChessBase"]
[SourceDate "2024.03.31"]
[SourceVersion "1"]
[SourceVersionDate "2024.03.31"]
[SourceQuality "1"]

1. e4 c5 2. Nf3 Nc6 3. d4 cxd4 4. Nxd4 Nf6 5. Nc3 e5 6. Ndb5 d6 7. Bg5 a6 8. Na3 b5 9. Nd5 Qa5+ 10. Bd2 Qd8 11. Bg5 Qa5+ 12. Bd2 Qd8 13. Bg5 Be7 14. Bxf6 Bxf6 15. c3 Ne7 16. Nxf6+ gxf6 17. Nc2 Bb7 18. Bd3 d5 19. Qe2 f5 20. exf5 e4 21. f6 Nf5 22. f3 Qxf6 23. 0-0 Qb6+ 24. Kh1 Qh6 25. Kg1 Qb6+ 26. Kh1 Qh6 27. Kg1 Qb6+ 1/2-1/2

[Event "WchT Seniors 50"]
[Site "Struga"]
[Date "2023.09.28"]
[Round "9.2"]
[White "Podlesnik, Bogdan"]
[Black "Godena, Michele"]
[Result "0-1"]
[WhiteElo "2289"]
[BlackElo "2429"]
[PlyCount "88"]
[EventDate "2023.09.19"]
[EventType "team-swiss"]
[EventRounds "9"]
[EventCountry "MKD"]
[SourceTitle "CBM 216 Extra"]
[Source "ChessBase"]
[SourceDate "2023.11.30"]
[SourceVersion "1"]
[SourceVersionDate "2023.11.30"]
[SourceQuality "1"]
[WhiteTeam "Montenegro 50"]
[BlackTeam "Italy 50"]
[WhiteTeamCountry "MNE"]
[BlackTeamCountry "ITA"]

1. e4 e5 2. Nf3 Nc6 3. Nc3 Nf6 4. Bb5 Bd6 5. d3 a6 6. Bxc6 dxc6 7. h3 0-0 8. 0-0 a5 9. a4 Nd7 10. Be3 Re8 11. Nd2 Nf8 12. Nc4 Ng6 13. Ne2 Bf8 14. Qd2 Bb4 15. Qc1 Be6 16. Nd2 Bd6 17. f4 exf4 18. Nxf4 Bxf4 19. Bxf4 f5 20. Bg3 fxe4 21. Nxe4 Bd5 22. Nc3 b5 23. Qd2 b4 24. Ne2 b3 25. c3 c5 26. Rf2 c4 27. d4 c6 28. Nf4 Nxf4 29. Bxf4 Rf8 30. Re1 Ra7 31. Bg5 Rxf2 32. Qxf2 Qc8 33. Qg3 Rf7 34. Re5 Qf8 35. Qe3 Rf1+ 36. Kh2 Rf2 37. Rxd5 cxd5 38. Qe6+ Qf7 39. Qc8+ Qf8 40. Qe6+ Kh8 41. Qxd5 Rxb2 42. Qxc4 Qb8+ 43. Kg1 Rb1+ 44. Kf2 b2 0-1

[Event "WchT Seniors 50"]
[Site "Struga"]
[Date "2023.09.24"]
[Round "6.3"]
[White "Clark, Gary M"]
[Black "Podlesnik, Bogdan"]
[Result "1-0"]
[WhiteElo "2278"]
[BlackElo "2289"]
[PlyCount "141"]
[EventDate "2023.09.19"]
[EventType "team-swiss"]
[EventRounds "9"]
[EventCountry "MKD"]
[SourceTitle "CBM 216 Extra"]
[Source "ChessBase"]
[SourceDate "2023.11.30"]
[SourceVersion "1"]
[SourceVersionDate "2023.11.30"]
[SourceQuality "1"]
[WhiteTeam "England 50 II"]
[BlackTeam "Montenegro 50"]
[WhiteTeamCountry "ENG"]
[BlackTeamCountry "MNE"]

1. d4 Nf6 2. c4 e6 3. Nf3 b6 4. g3 Ba6 5. b3 b5 6. cxb5 Bxb5 7. Nc3 Ba6 8. Bg2 d5 9. 0-0 Nbd7 10. Bb2 c5 11. Re1 Rc8 12. Rc1 Bb7 13. e4 dxe4 14. Ng5 cxd4 15. Ncxe4 Rxc1 16. Qxc1 Bxe4 17. Nxe4 Nxe4 18. Rxe4 e5 19. Bh3 Bd6 20. Qc6 Qc7 21. Qxc7 Bxc7 22. Bxd4 a6 23. Bb2 f6 24. Ba3 Nb6 25. Re1 h5 26. Rc1 Bd8 27. Bf1 a5 28. Rc6 g5 29. Bb5 Kf7 30. Bc5 Nd7 31. Be3 e4 32. Rc8 Ke7 33. Ra8 Ne5 34. Bc5+ Ke6 35. Bb6 Bxb6 36. Rxh8 Ng4 37. Bc4+ Kd6 38. Kg2 Nxf2 39. Rxh5 Ng4 40. Be2 Ne3+ 41. Kf2 Ke5 42. Rh7 f5 43. Rb7 Nd5+ 44. Ke1 Bc5 45. Rb5 Kd4 46. h4 gxh4 47. gxh4 f4 48. h5 f3 49. h6 Nf6 50. Bd1 Bd6 51. Rg5 Bf4 52. Rg6 Ke5 53. Bc2 Kf5 54. Bxe4+ Nxe4 55. h7 Bd2+ 56. Kf1 Bc3 57. Rg8 Bd4 58. h8Q Bxh8 59. Rxh8 Kf4 60. Rf8+ Ke3 61. Re8 Kd3 62. Re5 Ke3 63. a3 Kd3 64. b4 axb4 65. axb4 Kd4 66. Re7 Kd5 67. Rc7 Kd6 68. Rc2 Kd7 69. b5 Kd8 70. b6 Nd6 71. Kf2 1-0

[Event "WchT Seniors 50"]
[Site "Struga"]
[Date "2023.09.23"]
[Round "5.3"]
[White "Podlesnik, Bogdan"]
[Black "Arnason, Jon Loftur"]
[Result "0-1"]
[WhiteElo "2289"]
[BlackElo "2419"]
[PlyCount "96"]
[EventDate "2023.09.19"]
[EventType "team-swiss"]
[EventRounds "9"]
[EventCountry "MKD"]
[SourceTitle "CBM 216 Extra"]
[Source "ChessBase"]
[SourceDate "2023.11.30"]
[SourceVersion "1"]
[SourceVersionDate "2023.11.30"]
[SourceQuality "1"]
[WhiteTeam "Montenegro 50"]
[BlackTeam "Iceland 50"]
[WhiteTeamCountry "MNE"]
[BlackTeamCountry "ISL"]

1. e4 e5 2. Nf3 Nc6 3. Nc3 Nf6 4. Bb5 Bb4 5. 0-0 0-0 6. Bxc6 dxc6 7. d3 Re8 8. h3 Nd7 9. Bg5 f6 10. Be3 Nf8 11. Ne2 Ne6 12. Nd2 Bf8 13. Kh1 c5 14. f4 exf4 15. Nxf4 Nxf4 16. Bxf4 Be6 17. b3 Qd7 18. a4 b6 19. Qf3 Kh8 20. Qg3 g5 21. Be3 Bd6 22. Qf2 Be5 23. Rad1 Qd6 24. Nc4 Bxc4 25. dxc4 Qe6 26. Qf3 Re7 27. Rd3 Rg8 28. Qf5 Qxf5 29. exf5 g4 30. Bf4 gxh3 31. Rxh3 Bxf4 32. Rxf4 Re1+ 33. Kh2 Re2 34. Rg3 Rxg3 35. Kxg3 Rxc2 36. Rf3 Kg7 37. Kh3 Kh6 38. Rg3 Rd2 39. Kg4 Rd4+ 40. Kh3 Rf4 41. Rd3 Rxf5 42. a5 Re5 43. a6 Re2 44. Rd7 Ra2 45. Rxc7 Rxa6 46. Kg4 Kg6 47. Kf4 Ra3 48. Ke4 a5 0-1

[Event "MNT-ch 74th"]
[Site "Podgorica"]
[Date "2022.02.23"]
[Round "5"]
[White "Podlesnik, Bogdan"]
[Black "Scekic, Veljko"]
[Result "1/2-1/2"]
[WhiteElo "2326"]
[BlackElo "2204"]
[PlyCount "34"]
[EventDate "2022.02.19"]
[EventType "swiss"]
[EventRounds "9"]
[EventCountry "MNE"]
[SourceTitle "EXT 2023"]
[Source "ChessBase"]
[SourceDate "2022.10.05"]
[SourceVersion "1"]
[SourceVersionDate "2022.10.05"]
[SourceQuality "1"]

1. e4 e5 2. Nf3 Nf6 3. Nc3 Nc6 4. Bb5 Bb4 5. 0-0 0-0 6. d3 Bxc3 7. bxc3 d6 8. Re1 h6 9. d4 Bd7 10. Bf1 Re8 11. d5 Ne7 12. Nh4 Ng6 13. Nxg6 fxg6 14. g3 g5 15. h3 b6 16. Kh2 Rf8 17. f3 Qe7 1/2-1/2

[Event "EU-Cup 36th"]
[Site "Struga"]
[Date "2021.09.23"]
[Round "6.4"]
[White "Tadic, Stefan"]
[Black "Podlesnik, Bogdan"]
[Result "0-1"]
[WhiteElo "2339"]
[BlackElo "2327"]
[PlyCount "86"]
[EventDate "2021.09.18"]
[EventType "team-swiss"]
[EventRounds "7"]
[EventCountry "MKD"]
[SourceTitle "CBM 204 Extra"]
[Source "ChessBase"]
[SourceDate "2021.11.30"]
[SourceVersion "1"]
[SourceVersionDate "2021.11.30"]
[SourceQuality "1"]
[WhiteTeam "Prilep"]
[BlackTeam "Gambit Asseco See"]
[WhiteTeamCountry "MKD"]
[BlackTeamCountry "MKD"]

1. e4 c5 2. c3 d5 3. exd5 Qxd5 4. d4 e6 5. Nf3 Nc6 6. Na3 Qd8 7. Nc2 Nf6 8. Bd3 Be7 9. 0-0 0-0 10. Qe2 b6 11. dxc5 bxc5 12. Bf4 Nd5 13. Bg3 Bd6 14. Rad1 Bxg3 15. fxg3 Qe7 16. c4 Nf6 17. g4 Bb7 18. g5 Nh5 19. h4 Ng3 20. Qe3 Nxf1 21. Rxf1 Rad8 22. Nh2 Qd6 23. Be4 Nd4 24. Bxb7 Nxc2 25. Qf2 Qd4 26. Nf3 Qxf2+ 27. Rxf2 Nd4 28. Ne5 Nf5 29. Nf3 Nd6 30. Bc6 Rc8 31. Bb5 Nxb5 32. cxb5 f6 33. gxf6 gxf6 34. g4 h6 35. Kf1 Kg7 36. Ke2 Rb8 37. a4 a6 38. g5 axb5 39. gxf6+ Rxf6 40. Rg2+ Rg6 41. Rxg6+ Kxg6 42. Ne5+ Kh5 43. Nd7 Rd8 0-1